Statistiques concernant Quiz sur le Qatar

Cliquez ici pour prendre le quiz!

Statistiques générales

  • Ce quiz a été pris 1 185 fois
  • Le résultat moyen est 14 sur 18

Statistiques - réponses

QuestionRéponse% Correct
Langue officielleArabe
99%
Seul pays frontalierArabie Saoudite
98%
Évènement international que le
Qatar va organiser en 2022
Coupe du monde
de football masculin
94%
Principal produit d'exportationHydrocarbures
93%
Pays européen auquel le Qatar
appartenait jusqu'en 1971
Royaume-Uni
93%
Club de football français qui appartient
au groupe Qatar Sport Investments
Paris Saint-Germain
92%
Capitale et plus grande villeDoha
91%
Titre porté par le dirigeant du paysÉmir
87%
Golfe qui borde le QatarGolfe Persique
85%
Pays qui a un drapeau similaire
Bahreïn
81%
Nommez l'un des deux pays qui ont un
meilleur PIB par habitant que le Qatar
Monaco et le
Liechtenstein
74%
Nom donné à la loi islamique en
vigueur au Qatar notamment
Charia
71%
Le Qatar est le pays qui émet le plus
de ____ par habitant en moyenne
{Dioxyde} de {Carbone}
68%
25% des qatariens sont nés dans ce
pays étranger (contre 12% au Qatar)
Inde
66%
Chaîne de télévision diffusée dans une
trentaine de pays, dont la France
Al Jazeera
61%
L'animal national du Qatar, l'Oryx
d'Arabie, est une espèce d'...
Antilope
46%
Devise monétaireRiyal
27%
Avant les années 1920, l'économie
du Qatar était principalement centrée
sur ce produit utilisé en joaillerie
Perle
25%

Distribution des résultats

Percentile par nombre de réponses

% des personnes avec chaque résultat

Votre développement - résultats

Vous n’avez pas pris ce quiz